000 01080cam a22003137a 4500
003 CHAP
005 20220329134425.0
008 971013s1977 r 00010 d
010 _a20293
011 _a21265
035 _a25354
040 _cCHAP
090 _aFolleto 8291
100 0 0 _aArboleda Sepulveda, Orlando.
_96562
245 0 _aAnálisis y recuperación de información; bases para la preparación del insumo de información para el AGRINTER
260 _a(Turrialba, C.R.) :
_bIICA-CIDIA,
_c1977
300 _a14 p
590 _aBATCH-UPD
_b10
_c20130110
_lUCH01
_h0127
590 _aBATCH-UPD
_b10
_c20130110
_lUCH01
_h1017
590 _aBATCH-UPD
_b10
_c20130409
_lUCH01
_h2122
590 _aBATCH-UPD
_b10
_c20130410
_lUCH01
_h0624
590 _aBATCH-UPD
_b10
_c20130913
_lUCH01
_h2124
590 _aCONVERSION
_b10
_c20130109
_lUCH01
_h1312
650 1 4 _aAgricultura
_xSistemas de información.
_91796
650 1 4 _aAlmacenamiento y recuperación de la información.
_94462
901 _aBK
942 _cFOLL
949 _aFolleto 8291
_bBC
_cFOLL
_d-58446
_eB
_i25354
_si
999 _c20293
_d20293